[Event "Klatovy"]
[Site "?"]
[Date "2007.??.??"]
[Round "?"]
[White "Sterba, K."]
[Black "Snaidr, J."]
[Result "0-1"]
[WhiteElo "1805"]
[BlackElo "2000"]
[PlyCount "46"]
[EventDate "2007.??.??"]

1. e4 c5 2. Nf3 d6 3. d4 cxd4 4. Nxd4 Nf6 5. Nc3 Nc6 6. Be2 e5 7. Nf3 h6 8. Be3
Be6 9. h3 d5 10. exd5 Nxd5 11. Nxd5 Bxd5 12. O-O Be7 13. Bb5 e4 14. Ne5 O-O 15.
Nxc6 bxc6 16. Be2 Qc7 17. f3 Rad8 18. Qe1 f5 19. fxe4 Bxe4 20. Bf3 Qe5 21. Bxe4
fxe4 22. Rxf8+ Rxf8 23. Bf2 Rxf2 0-1

[Event "Klatovy"]
[Site "?"]
[Date "2007.??.??"]
[Round "?"]
[White "Hlavnicka, J."]
[Black "Kalivoda, L."]
[Result "1/2-1/2"]
[WhiteElo "1995"]
[BlackElo "1865"]
[PlyCount "74"]
[EventDate "2007.??.??"]

1. e4 c6 2. d4 d5 3. Nd2 dxe4 4. Nxe4 Bf5 5. Ng3 Bg6 6. Nf3 Nd7 7. Bc4 e6 8.
Bf4 Be7 9. O-O Ngf6 10. c3 O-O 11. Nh4 Nb6 12. Bb3 c5 13. Nxg6 hxg6 14. Qf3 c4
15. Bc2 Nbd5 16. Bd2 Qc7 17. h4 Bd6 18. Ne4 Nxe4 19. Bxe4 Rfe8 20. Bxd5 exd5
21. Qxd5 Re2 22. Rad1 Rae8 23. Qb5 a6 24. Qd5 Bh2+ 25. Kh1 Bf4 26. Bxf4 Qxf4
27. g3 Qf6 28. Kg1 Rxb2 29. Rb1 Rxb1 30. Rxb1 Re2 31. Rf1 b5 32. a4 Rb2 33.
axb5 axb5 34. Qa8+ Kh7 35. Qe4 b4 36. cxb4 c3 37. Qd3 Rxb4 1/2-1/2

[Event "Klatovy"]
[Site "?"]
[Date "2007.??.??"]
[Round "?"]
[White "Huttner, M."]
[Black "Nguyen, D."]
[Result "0-1"]
[WhiteElo "1980"]
[BlackElo "1820"]
[PlyCount "66"]
[EventDate "2007.??.??"]

1. e4 c5 2. Nf3 Nc6 3. d4 cxd4 4. Nxd4 g6 5. Nc3 Bg7 6. Be3 Nf6 7. f3 Qb6 8.
Nf5 Qxb2 9. Nxg7+ Kf8 10. Bd2 Kxg7 11. Bc4 Qb6 12. Qe2 Nd4 13. Qd3 Nc6 14. Rb1
Qd4 15. Be3 Qxd3 16. Bxd3 d6 17. h3 b6 18. f4 e5 19. O-O h6 20. Bc4 Be6 21. Bd5
Rac8 22. Nb5 Bxd5 23. exd5 Nxd5 24. Bd2 Rhd8 25. g3 Nd4 26. Nxd4 exd4 27. Rb2
Re8 28. Kf2 Nf6 29. Bb4 Ne4+ 30. Kg2 d5 31. Rd1 Rc4 32. a3 Rec8 33. Rc1 d3 0-1

[Event "Klatovy"]
[Site "?"]
[Date "2007.??.??"]
[Round "?"]
[White "Palla, R."]
[Black "Pospisil, J."]
[Result "0-1"]
[WhiteElo "1800"]
[BlackElo "1970"]
[PlyCount "50"]
[EventDate "2007.??.??"]

1. e4 c5 2. Nf3 d6 3. d4 cxd4 4. Nxd4 Nf6 5. Nc3 a6 6. Be3 e5 7. Nb3 Be7 8. f3
O-O 9. Qd2 Be6 10. g4 b5 11. a3 d5 12. exd5 Nxd5 13. Nxd5 Qxd5 14. O-O-O Qc6
15. Na5 Qc7 16. Bd3 Nd7 17. Be4 Rac8 18. b4 Nb6 19. Qf2 Qc3 20. Rd3 Qa1+ 21.
Kd2 Qb2 22. Kd1 Na4 23. Bc1 Nc3+ 24. Rxc3 Qxc3 25. Nc6 Rxc6 0-1

[Event "Klatovy"]
[Site "?"]
[Date "2007.??.??"]
[Round "?"]
[White "Kopta, P."]
[Black "Muhlbauer, H."]
[Result "1-0"]
[WhiteElo "2325"]
[BlackElo "1785"]
[PlyCount "137"]
[EventDate "2007.??.??"]

1. d4 Nf6 2. c4 e6 3. Nc3 d5 4. Bg5 Be7 5. e3 c6 6. Nf3 Nbd7 7. cxd5 Nxd5 8.
Bxe7 Qxe7 9. Nxd5 exd5 10. Bd3 O-O 11. Qc2 Qb4+ 12. Nd2 Nf6 13. O-O Re8 14.
Rfe1 Bd7 15. a3 Qd6 16. b4 h6 17. f3 a5 18. Qc5 Qc7 19. Qc3 axb4 20. axb4 Rxa1
21. Rxa1 Rb8 22. Ra7 Qd6 23. Nf1 Qe7 24. Bc2 Ne8 25. Qc5 Qxc5 26. bxc5 Nc7 27.
Bd3 Kf8 28. Nd2 Ke8 29. Nb1 Ne6 30. Ra2 b5 31. Nd2 Nc7 32. Ra7 Kd8 33. Kf2 Ra8
34. Rxa8+ Nxa8 35. Nb3 Nc7 36. Ke2 Kc8 37. Kd2 Na6 38. Kc3 Kb7 39. Na1 Kc8 40.
Nc2 Kb7 41. g3 Kc8 42. Ne1 Kd8 43. Ng2 Ke7 44. Nf4 g6 45. h4 Kd8 46. Bc2 Ke7
47. Nd3 f6 48. Ne1 Kf7 49. e4 dxe4 50. fxe4 Be6 51. Nd3 g5 52. hxg5 hxg5 53.
Nb4 Nxb4 54. Kxb4 Ke7 55. Bd3 Kd7 56. Be2 Kc7 57. Bf3 Bc4 58. d5 cxd5 59. exd5
f5 60. Ka5 Bd3 61. d6+ Kd7 62. Kb6 b4 63. c6+ Kxd6 64. c7 Ba6 65. Bb7 Bxb7 66.
Kxb7 Ke5 67. c8=Q f4 68. Qc5+ Ke4 69. Qxg5 1-0

[Event "Klatovy"]
[Site "?"]
[Date "2007.??.??"]
[Round "?"]
[White "Sibl, V."]
[Black "Grill, R."]
[Result "0-1"]
[WhiteElo "1900"]
[BlackElo "2110"]
[PlyCount "114"]
[EventDate "2007.??.??"]

1. d4 Nf6 2. Nf3 g6 3. Bf4 Bg7 4. c3 d6 5. e3 O-O 6. Be2 Nbd7 7. h3 b6 8. O-O
Bb7 9. Nbd2 c5 10. Qb3 e5 11. Bh2 e4 12. Ne1 Qe7 13. a4 cxd4 14. cxd4 Rfc8 15.
Qa3 Ne8 16. Rd1 Bf8 17. Nb1 Ndf6 18. Nc3 Nc7 19. Nc2 Ncd5 20. Rc1 Nxc3 21. bxc3
Rc7 22. Nb4 a5 23. Na2 Qd7 24. Qb3 Bc6 25. Bd1 b5 26. axb5 Bxb5 27. c4 Ba6 28.
Re1 Rac8 29. Be2 a4 30. Qb4 Bxc4 31. Bxc4 d5 32. Bb5 Bxb4 33. Bxd7 Rxc1 34.
Rxc1 Rxc1+ 35. Nxc1 Nxd7 36. Na2 Ba5 37. Bd6 Nb6 38. Kf1 Nc4 39. Bc5 f5 40. Ke2
Kf7 41. Kd1 Nb2+ 42. Ke2 Ke6 43. Bb4 Bxb4 44. Nxb4 a3 45. Na2 g5 46. Kd2 f4 47.
Nc3 Nd3 48. f3 exf3 49. gxf3 Nb4 50. e4 dxe4 51. fxe4 a2 52. d5+ Kd7 53. Nxa2
Nxa2 54. Ke2 Kd6 55. Kf3 Nc3 56. h4 h6 57. hxg5 hxg5 0-1

[Event "Klatovy"]
[Site "?"]
[Date "2007.??.??"]
[Round "?"]
[White "Travnik, P."]
[Black "Peniska, P."]
[Result "1/2-1/2"]
[WhiteElo "1825"]
[BlackElo "2015"]
[PlyCount "25"]
[EventDate "2007.??.??"]

1. e4 d5 2. exd5 Nf6 3. d4 Nxd5 4. Nf3 Bg4 5. Be2 e6 6. O-O Be7 7. c4 Nb6 8. b3
O-O 9. Bb2 N8d7 10. Re1 Nf6 11. Ne5 Bxe2 12. Qxe2 c6 13. Nd2 1/2-1/2

[Event "Klatovy"]
[Site "?"]
[Date "2007.??.??"]
[Round "?"]
[White "Rmoutil, M."]
[Black "Muzikar, M."]
[Result "1-0"]
[WhiteElo "2005"]
[BlackElo "1890"]
[PlyCount "117"]
[EventDate "2007.??.??"]

1. d4 d5 2. c4 e6 3. Nc3 Nf6 4. Bg5 Bb4 5. Nf3 O-O 6. e3 c6 7. Qc2 Nbd7 8. a3
Bxc3+ 9. bxc3 Qa5 10. Bxf6 Nxf6 11. Nd2 Re8 12. f4 Ng4 13. Qd3 f6 14. h3 Nh6
15. Nf3 Nf5 16. Kf2 Nd6 17. c5 Ne4+ 18. Kg1 Qxc3 19. Qxc3 Nxc3 20. Bd3 Nb5 21.
Kh2 Nc7 22. Rhb1 Rb8 23. a4 b6 24. a5 b5 25. Rb2 Na6 26. Rab1 Rb7 27. g4 Rbe7
28. g5 Nb8 29. Rg2 fxg5 30. Nxg5 h6 31. Nf3 Nd7 32. Rbg1 Rf8 33. Nh4 Rf6 34.
Ng6 Rxg6 35. Rxg6 Kf8 36. Kg3 Nf6 37. Kf3 Bd7 38. R6g2 Be8 39. Bg6 Bxg6 40.
Rxg6 Ne4 41. R1g2 Nf6 42. Ke2 Ne4 43. Kd3 Nf6 44. Ke2 Ne4 45. f5 exf5 46. Rxc6
Nf6 47. Rf2 b4 48. Rc8+ Kf7 49. Rb8 Ke6 50. Rxb4 Ne4 51. Rg2 g5 52. Rb8 f4 53.
exf4 gxf4 54. Rf8 Kd7 55. Kd3 Ng5 56. Rxf4 Nxh3 57. Rh4 Ng5 58. Rxh6 Ne4 59.
Rhg6 1-0

[Event "Klatovy"]
[Site "?"]
[Date "2007.??.??"]
[Round "?"]
[White "Grabarczyk, S."]
[Black "Kubat, M."]
[Result "1-0"]
[WhiteElo "1860"]
[BlackElo "1940"]
[PlyCount "67"]
[EventDate "2007.??.??"]

1. d4 f5 2. e4 fxe4 3. Bg5 c6 4. Qd2 Qb6 5. c4 d5 6. f3 Bf5 7. Nc3 e6 8. fxe4
dxe4 9. d5 Nf6 10. Bxf6 gxf6 11. dxe6 e3 12. Qc1 Bxe6 13. Nf3 Na6 14. Ne4 Be7
15. a3 O-O-O 16. b4 Bf5 17. c5 Qc7 18. Qxe3 Bxc5 19. bxc5 Bxe4 20. Bxa6 bxa6
21. O-O f5 22. Qc3 Rhg8 23. Qc4 Qg7 24. Qxa6+ Kb8 25. Rab1+ Ka8 26. g3 Bxb1 27.
Rxb1 Qc7 28. Ne5 Rb8 29. Rxb8+ Rxb8 30. Nxc6 Rc8 31. Nxa7 Qxc5+ 32. Kg2 Qc2+
33. Kh3 Qe4 34. Nc6# 1-0

[Event "Klatovy"]
[Site "?"]
[Date "2007.??.??"]
[Round "?"]
[White "Hacaperka, M."]
[Black "Hruska, J."]
[Result "0-1"]
[WhiteElo "1935"]
[BlackElo "1850"]
[PlyCount "105"]
[EventDate "2007.??.??"]

1. e4 c5 2. f4 Nc6 3. Nf3 g6 4. Bb5 Bg7 5. O-O e6 6. Bxc6 bxc6 7. d3 d5 8. e5
Ba6 9. Na3 Ne7 10. g4 h5 11. h3 hxg4 12. hxg4 Kd7 13. Kg2 f5 14. exf6 Bxf6 15.
Ne5+ Bxe5 16. fxe5 Rh7 17. Rh1 Qh8 18. Rxh7 Qxh7 19. Bg5 Rh8 20. Qh1 Qxh1+ 21.
Rxh1 Rxh1 22. Kxh1 Nc8 23. c4 Nb6 24. b3 Ke8 25. Kg2 Nd7 26. Bf4 Bc8 27. Kg3 g5
28. Bxg5 Nxe5 29. Bd2 Nxd3 30. Kf3 e5 31. cxd5 cxd5 32. Nb5 e4+ 33. Ke3 Ke7 34.
g5 a6 35. Nc3 Bb7 36. Ne2 Kf7 37. Bc3 Kg6 38. Bf6 Bc6 39. Be7 d4+ 40. Nxd4
cxd4+ 41. Kxd4 Nc1 42. Kc5 Bb5 43. a4 e3 44. Kd4 e2 45. Bb4 Nxb3+ 46. Ke3 Bc4
47. Kf4 Nc5 48. Ke3 Nxa4 49. Kd4 Bb5 50. Bd2 Nb6 51. Kc5 Nc4 52. Be1 Ne3 53.
Bd2 0-1

[Event "Klatovy"]
[Site "?"]
[Date "2007.??.??"]
[Round "?"]
[White "Hampel, R."]
[Black "Hruska, O."]
[Result "0-1"]
[WhiteElo "1820"]
[BlackElo "1880"]
[PlyCount "74"]
[EventDate "2007.??.??"]

1. e4 c5 2. Nc3 Nc6 3. f4 e6 4. Bc4 Nge7 5. d3 d5 6. Bb3 g6 7. Nf3 Bg7 8. O-O
O-O 9. Qe1 b5 10. Nxb5 Qb6 11. c4 Na5 12. Bd2 Nec6 13. Bc3 d4 14. Bxa5 Nxa5 15.
e5 Nxb3 16. axb3 a6 17. Nd6 Qxb3 18. Qd2 Qb6 19. Ne4 Bb7 20. Nd6 Bxf3 21. Rxf3
f6 22. Ne4 fxe5 23. fxe5 Rxf3 24. gxf3 Bxe5 25. Re1 Rf8 26. Qg5 Rf5 27. Qd2 Bf4
28. Qg2 e5 29. Kh1 Rh5 30. h3 Qe6 31. Nxc5 Rxh3+ 32. Kg1 Qf5 33. Ne4 Be3+ 34.
Rxe3 dxe3 35. Ng5 Rh4 36. Ne4 Rf4 37. Nd6 Qxd3 0-1

[Event "Klatovy"]
[Site "?"]
[Date "2007.??.??"]
[Round "?"]
[White "Svec, L."]
[Black "Valdman, J."]
[Result "1/2-1/2"]
[WhiteElo "1855"]
[BlackElo "1835"]
[PlyCount "157"]
[EventDate "2007.??.??"]

1. e4 c5 2. Nf3 d6 3. d4 cxd4 4. Nxd4 Nf6 5. Nc3 a6 6. a4 e6 7. Be3 Be7 8. f4
e5 9. fxe5 dxe5 10. Nb3 O-O 11. Qxd8 Rxd8 12. Bb6 Re8 13. O-O-O Bg4 14. Rd3
Nbd7 15. Be3 Rac8 16. h3 Be6 17. Kb1 Bb4 18. Nd2 Rc6 19. g4 Nc5 20. Bxc5 Rxc5
21. Bg2 Bxc3 22. Rxc3 Rxc3 23. bxc3 Bd7 24. a5 Bc6 25. Re1 Nd7 26. Nc4 Nc5 27.
Nb6 Rd8 28. Kc1 f6 29. Re3 Kf7 30. Re1 Ke6 31. Re3 Kf7 32. Re2 Ne6 33. Bf3 Nf4
34. Rh2 Ke6 35. Bh1 h5 36. Bf3 h4 37. c4 Rd4 38. Nd5 Rxc4 39. Ne3 Ra4 40. Nf5
g5 41. Ng7+ Kf7 42. Nf5 Ra3 43. Bh1 Nxh3 44. Kb2 Rxa5 45. Rxh3 Ke6 46. Rd3 Rc5
47. Rc3 Rb5+ 48. Rb3 Rc5 49. Ne3 b5 50. Ra3 Bb7 51. Rc3 Rxc3 52. Kxc3 Kd6 53.
Kb4 Ke6 54. Kc5 Bc8 55. Nf5 Bd7 56. Kb6 Bc8 57. Bg2 Kd7 58. Ne3 Kd6 59. c3 Kd7
60. Bf3 Kd6 61. Nd5 Ke6 62. Nc7+ Kd6 63. Nd5 h3 64. Nxf6 h2 65. Bh1 Be6 66.
Kxa6 Kc5 67. Nh7 Bc8+ 68. Ka5 Bxg4 69. Nxg5 Kc4 70. Nf7 Kxc3 71. Kxb5 Kd4 72.
Nd6 Be6 73. Kb4 Bd7 74. Nf5+ Bxf5 75. exf5 e4 76. f6 e3 77. f7 e2 78. f8=Q
e1=Q+ 79. Kb5 1/2-1/2

[Event "Klatovy"]
[Site "?"]
[Date "2007.??.??"]
[Round "?"]
[White "Neuman, P."]
[Black "Havlik, J."]
[Result "1/2-1/2"]
[WhiteElo "2410"]
[BlackElo "2260"]
[PlyCount "31"]
[EventDate "2007.??.??"]

1. d4 Nf6 2. c4 g6 3. Nc3 Bg7 4. e4 d6 5. f4 O-O 6. Nf3 c5 7. dxc5 Qa5 8. Bd3
Qxc5 9. Qe2 Bg4 10. Be3 Qh5 11. O-O Nc6 12. Rac1 Nd7 13. Qf2 Nc5 14. Bb1 Rac8
15. Nd2 Nb4 16. h3 1/2-1/2

[Event "Klatovy"]
[Site "?"]
[Date "2007.??.??"]
[Round "?"]
[White "Kubecka, D."]
[Black "Jurek, J."]
[Result "0-1"]
[WhiteElo "2260"]
[BlackElo "2380"]
[PlyCount "80"]
[EventDate "2007.??.??"]

1. Nf3 Nf6 2. g3 b6 3. Bg2 Bb7 4. O-O c5 5. d3 d5 6. Nbd2 e6 7. e4 Be7 8. e5
Nfd7 9. Re1 Nc6 10. Nf1 Qc7 11. Bf4 O-O-O 12. c3 Rdg8 13. d4 g5 14. Be3 h5 15.
N3d2 Nf8 16. a3 Ng6 17. b4 c4 18. f3 h4 19. Bf2 Rh7 20. Ne3 hxg3 21. hxg3 Ncxe5
22. dxe5 Nxe5 23. Qe2 Nd3 24. Red1 Bd6 25. Ndf1 Kb8 26. Rxd3 cxd3 27. Qxd3 f5
28. Rc1 Rgh8 29. Rc2 g4 30. Be1 gxf3 31. Bxf3 f4 32. gxf4 Bxf4 33. Ng2 Bd6 34.
Kf2 Rh3 35. Nd2 e5 36. Qg6 e4 37. Bg4 R3h6 38. Qg5 d4 39. Nf1 Rh1 40. Bf5 R1h5
0-1

[Event "Klatovy"]
[Site "?"]
[Date "2007.??.??"]
[Round "?"]
[White "Sott, P."]
[Black "Vorisek, J."]
[Result "0-1"]
[WhiteElo "2115"]
[BlackElo "2265"]
[PlyCount "70"]
[EventDate "2007.??.??"]

1. e4 e5 2. Nf3 d6 3. d4 Nf6 4. Nc3 Nbd7 5. Bc4 Be7 6. O-O O-O 7. Re1 c6 8. Bg5
a6 9. a4 b6 10. Qe2 Qc7 11. Rad1 Bb7 12. Bb3 h6 13. Bh4 b5 14. axb5 cxb5 15.
Rd3 b4 16. Nd5 Bxd5 17. Bxd5 Rac8 18. Bb3 a5 19. c3 exd4 20. cxd4 Nb6 21. e5
Nh5 22. Qe4 a4 23. Qg4 axb3 24. Bxe7 Qxe7 25. Qxh5 Qe6 26. exd6 Qxd6 27. Qe5
Qc6 28. d5 Qb5 29. Red1 Rfe8 30. Qf5 Nc4 31. Rxb3 Qa4 32. Rbd3 Nxb2 33. d6 Nxd1
34. d7 Rc1 35. dxe8=R+ Qxe8 0-1

[Event "Klatovy"]
[Site "?"]
[Date "2007.??.??"]
[Round "?"]
[White "Michalek, J."]
[Black "Lacina, A."]
[Result "1/2-1/2"]
[WhiteElo "2355"]
[BlackElo "2250"]
[PlyCount "166"]
[EventDate "2007.??.??"]

1. Nf3 Nf6 2. g3 b6 3. Bg2 Bb7 4. O-O e6 5. c4 Be7 6. Nc3 O-O 7. Re1 d5 8. cxd5
Nxd5 9. e4 Nxc3 10. bxc3 c5 11. d4 Nc6 12. Bf4 cxd4 13. cxd4 Bf6 14. e5 Be7 15.
h4 Nb4 16. Bg5 Rc8 17. Bxe7 Qxe7 18. Re2 h6 19. Rb2 Rfd8 20. Qd2 Nc6 21. Qf4
Qa3 22. Rd2 Ne7 23. Ne1 Ng6 24. Qe3 Qxe3 25. fxe3 Bxg2 26. Rxg2 Rc3 27. Re2
Rdc8 28. Kf2 Ne7 29. Rd1 Ra3 30. Rd3 Rxd3 31. Nxd3 Rc3 32. Rd2 Nc6 33. Ke2 Kf8
34. Rb2 Ke7 35. Nf4 Na5 36. Kf2 Nc4 37. Re2 b5 38. Nh5 Kf8 39. g4 b4 40. Ng3 a5
41. Ne4 Rc1 42. h5 a4 43. Nc5 a3 44. Nb3 Rb1 45. Rc2 Rb2 46. Na1 Na5 47. Ke2
Rb1 48. Rc8+ Ke7 49. Nc2 b3 50. axb3 a2 51. Ra8 Nxb3 52. Ra7+ Ke8 53. Ra8+ Kd7
54. Kd3 a1=Q 55. Nxa1 Rxa1 56. Rg8 Rg1 57. Rxg7 Ke7 58. Rg8 Na5 59. Ke2 Nc4 60.
Kf2 Rb1 61. Rh8 Rb3 62. g5 hxg5 63. h6 Rxe3 64. Rc8 Rh3 65. Rxc4 Rxh6 66. Rc7+
Kf8 67. Rc8+ Kg7 68. Kg3 Rh4 69. Rd8 Re4 70. Rd7 Kg6 71. Kf3 Rf4+ 72. Kg3 Rf1
73. Kg2 Rd1 74. Kg3 Rd2 75. Rd8 Kf5 76. Rd7 Rd3+ 77. Kf2 Kg6 78. Kg2 g4 79. Kf2
Kg5 80. Rxf7 Rxd4 81. Ke3 Rd5 82. Ke4 Rd1 83. Rg7+ Kh4 1/2-1/2

[Event "Klatovy"]
[Site "?"]
[Date "2007.??.??"]
[Round "?"]
[White "Blecha, M."]
[Black "Stross, F."]
[Result "0-1"]
[WhiteElo "2190"]
[BlackElo "2315"]
[PlyCount "62"]
[EventDate "2007.??.??"]

1. e4 g6 2. d4 Bg7 3. Be3 d6 4. Nc3 a6 5. Qd2 b5 6. O-O-O Bb7 7. h4 h5 8. f3
Nd7 9. Nh3 Rc8 10. Ng5 c5 11. Ne2 cxd4 12. Bxd4 Ngf6 13. g3 Qc7 14. Bh3 O-O 15.
Bc3 Ra8 16. Nd4 Ne5 17. Nde6 fxe6 18. Nxe6 Qc6 19. Bxe5 dxe5 20. Nxf8 Rxf8 21.
Qg5 Kh7 22. Qxe5 Ng4 23. Qxe7 Ne3 24. Rd2 Rxf3 25. Rg1 Qxe4 26. Qxe4 Bxe4 27.
Bc8 Nc4 28. Rd7 Rf2 29. Bxa6 Rxc2+ 30. Kd1 Nxb2+ 31. Ke1 Nd3+ 0-1

[Event "Klatovy"]
[Site "?"]
[Date "2007.??.??"]
[Round "?"]
[White "Sodoma, J."]
[Black "Trmota, Z."]
[Result "1/2-1/2"]
[WhiteElo "2315"]
[BlackElo "2155"]
[PlyCount "80"]
[EventDate "2007.??.??"]

1. d4 Nf6 2. c4 e6 3. g3 c5 4. d5 exd5 5. cxd5 d6 6. Bg2 g6 7. Nf3 Bg7 8. Nc3
O-O 9. O-O Na6 10. Nd2 Nc7 11. a4 b6 12. h3 Rb8 13. Nc4 Ba6 14. Qb3 Bxc4 15.
Qxc4 Nd7 16. f4 a6 17. e4 b5 18. axb5 axb5 19. Qe2 b4 20. Nd1 Nb5 21. Ne3 Nd4
22. Qd3 Ra8 23. Bd2 Nb6 24. g4 Qd7 25. g5 Qb5 26. Qxb5 Nxb5 27. e5 Rxa1 28.
Rxa1 dxe5 29. f5 gxf5 30. Nxf5 Nc4 31. Be3 Nxe3 32. Nxe3 Nd6 33. Ra6 Rd8 34. b3
e4 35. Kf1 Bd4 36. Ke2 Nb5 37. Nf5 Nc3+ 38. Kd2 e3+ 39. Ke1 e2 40. d6 Be5
1/2-1/2

[Event "Klatovy"]
[Site "?"]
[Date "2007.??.??"]
[Round "?"]
[White "Smid, M."]
[Black "Plat, V."]
[Result "1-0"]
[WhiteElo "2185"]
[BlackElo "2280"]
[PlyCount "75"]
[EventDate "2007.??.??"]

1. d4 Nf6 2. Nf3 e6 3. Bg5 d5 4. e3 Be7 5. Bd3 O-O 6. Nbd2 c5 7. c3 Nc6 8. O-O
b6 9. Ne5 Bb7 10. f4 Nxe5 11. fxe5 Ne4 12. Bxe7 Qxe7 13. Nxe4 dxe4 14. Bc2 cxd4
15. exd4 Qg5 16. Qe2 e3 17. g3 f6 18. Bb3 fxe5 19. Bxe6+ Kh8 20. d5 Rf4 21. Rf3
Raf8 22. Raf1 Qg6 23. Rxf4 exf4 24. Qxe3 Ba6 25. Rxf4 Qb1+ 26. Kg2 Qxb2+ 27.
Rf2 Qa3 28. Rxf8+ Qxf8 29. Qf4 Qa8 30. h4 Bb7 31. Qf7 b5 32. Kh2 a5 33. d6 Bc6
34. d7 Qd8 35. Qf4 h6 36. Qd6 Ba8 37. Qc5 Bb7 38. Qc8 1-0

[Event "Klatovy"]
[Site "?"]
[Date "2007.??.??"]
[Round "?"]
[White "Routner, J."]
[Black "Jaros, M."]
[Result "1/2-1/2"]
[WhiteElo "2135"]
[BlackElo "2195"]
[PlyCount "63"]
[EventDate "2007.??.??"]

1. e4 e5 2. Nf3 Nc6 3. Bb5 a6 4. Ba4 Nf6 5. O-O b5 6. Bb3 Nxe4 7. Re1 d5 8. d3
Nf6 9. Nxe5 Nxe5 10. Rxe5+ Be6 11. d4 Bd6 12. Re1 h6 13. a4 O-O 14. Nc3 c6 15.
Ne2 Qc7 16. g3 Nh5 17. Kg2 Qd7 18. Ng1 Nf6 19. c3 Bg4 20. f3 Bf5 21. Be3 Rfe8
22. Bc2 Bxc2 23. Qxc2 Qb7 24. Nh3 Re6 25. axb5 axb5 26. Bf4 Rxe1 27. Rxe1 Bf8
28. Nf2 Qc8 29. Nd3 Qf5 30. g4 Qg6 31. Re2 Nd7 32. Bg3 1/2-1/2

[Event "Klatovy"]
[Site "?"]
[Date "2007.??.??"]
[Round "?"]
[White "Volak, M."]
[Black "Folkova, M."]
[Result "1-0"]
[WhiteElo "2145"]
[BlackElo "2195"]
[PlyCount "63"]
[EventDate "2007.??.??"]

1. d4 d5 2. c4 e6 3. Nc3 c6 4. Nf3 dxc4 5. a4 Bb4 6. e3 b5 7. Be2 Nf6 8. O-O
Bxc3 9. bxc3 O-O 10. Qc2 Qc7 11. e4 h6 12. Bd2 Nbd7 13. Rfb1 Rb8 14. g3 Rb7 15.
Bf4 Qd8 16. Rb2 bxa4 17. Rxb7 Bxb7 18. Bd6 Re8 19. e5 Nd5 20. Rxa4 a6 21. Nd2
c5 22. dxc5 f6 23. Bh5 fxe5 24. Rxc4 Bc6 25. Re4 N5f6 26. Bxe8 Bxe4 27. Nxe4
Nxe8 28. Qa4 Qc8 29. Qb3 Kf7 30. c4 Qc6 31. Qf3+ Nef6 32. Ng5+ 1-0

[Event "Klatovy"]
[Site "?"]
[Date "2007.??.??"]
[Round "?"]
[White "Krejci, J."]
[Black "Janocko, P."]
[Result "1-0"]
[WhiteElo "2190"]
[BlackElo "2130"]
[PlyCount "65"]
[EventDate "2007.??.??"]

1. e4 c6 2. d4 d5 3. e5 Bf5 4. Nf3 e6 5. Be2 c5 6. Be3 cxd4 7. Nxd4 Ne7 8. Bg5
Qa5+ 9. Nc3 Bg6 10. b4 Qb6 11. Ndb5 a6 12. Na4 Qc6 13. Nd6+ Kd8 14. c4 f6 15.
cxd5 Nxd5 16. Rc1 Bxd6 17. Rxc6 Bxb4+ 18. Rc3 fxg5 19. O-O b5 20. Nb6 Nd7 21.
Nxd5 Bxc3 22. Nxc3 Rc8 23. Qd4 Rf8 24. Rd1 Rc7 25. Qd6 Rf7 26. Qxe6 Rxc3 27.
Bg4 Rc7 28. Qxa6 Bc2 29. Qa8+ Ke7 30. Rxd7+ Rxd7 31. Bxd7 Kxd7 32. e6+ Kxe6 33.
Qc6+ 1-0

[Event "Klatovy"]
[Site "?"]
[Date "2007.??.??"]
[Round "?"]
[White "Cakl, Z."]
[Black "Vanka, M."]
[Result "1/2-1/2"]
[WhiteElo "2130"]
[BlackElo "2185"]
[PlyCount "45"]
[EventDate "2007.??.??"]

1. Nf3 f5 2. b3 d6 3. d4 Nf6 4. Bb2 g6 5. c4 Bg7 6. g3 O-O 7. Bg2 Ne4 8. Nbd2
Nc6 9. O-O e5 10. d5 Nxd2 11. Qxd2 Ne7 12. e3 h6 13. Rad1 b6 14. Nxe5 dxe5 15.
d6 Rb8 16. dxe7 Qxe7 17. Bd5+ Kh7 18. b4 Bb7 19. Bxb7 Rxb7 20. Qc3 c6 21. Rd2
Rd7 22. Rfd1 Rfd8 23. a3 1/2-1/2

[Event "Klatovy"]
[Site "?"]
[Date "2007.??.??"]
[Round "?"]
[White "Cuhra, M."]
[Black "Krejci, S."]
[Result "1/2-1/2"]
[WhiteElo "2090"]
[BlackElo "2185"]
[PlyCount "108"]
[EventDate "2007.??.??"]

1. e4 e5 2. Nf3 Nf6 3. Bc4 Nxe4 4. Nc3 Nc6 5. Nxe4 d5 6. Bd3 dxe4 7. Bxe4 Bd6
8. c3 O-O 9. d3 h6 10. Be3 f5 11. Bd5+ Kh8 12. Qe2 Qe7 13. h4 Be6 14. Bxe6 Qxe6
15. h5 Be7 16. d4 Rae8 17. Nxe5 Nxe5 18. dxe5 Qxe5 19. Bd4 Qd5 20. O-O Bf6 21.
Qc2 f4 22. Bxf6 Rxf6 23. Qa4 b5 24. Qxa7 f3 25. Rfe1 Ref8 26. Qd4 Qxh5 27. Re5
Qg6 28. g3 Rf4 29. Qc5 c6 30. Rae1 Kh7 31. Qe7 Qg4 32. Kh2 R8f7 33. Qe6 R4f5
34. Rxf5 Rxf5 35. Qe4 Qh5+ 36. Qh4 Qg6 37. Qe4 Rh5+ 38. Kg1 Qxe4 39. Rxe4 Rd5
40. g4 Rd2 41. Rb4 Kg6 42. Kh2 Rxf2+ 43. Kg3 Rf1 44. c4 f2 45. cxb5 cxb5 46.
Kg2 Rd1 47. Kxf2 Rd5 48. Kf3 h5 49. gxh5+ Kxh5 50. a4 bxa4 51. Rxa4 g5 52. b4
Kh4 53. b5+ Kh3 54. Rb4 g4+ 1/2-1/2

[Event "Klatovy"]
[Site "?"]
[Date "2007.??.??"]
[Round "?"]
[White "Forman, M."]
[Black "Kaderabek, J."]
[Result "1/2-1/2"]
[WhiteElo "2060"]
[BlackElo "2185"]
[PlyCount "36"]
[EventDate "2007.??.??"]

1. d4 d5 2. Bg5 h6 3. Bh4 Nf6 4. Nd2 Nbd7 5. Ngf3 g6 6. e3 Bg7 7. Bd3 c5 8. c3
Qb6 9. Rb1 O-O 10. O-O Re8 11. Re1 e5 12. dxe5 Nxe5 13. Nxe5 Rxe5 14. e4 Bd7
15. Bxf6 Bxf6 16. exd5 Rxd5 17. Qf3 Rh5 18. Qg3 Re8 1/2-1/2

[Event "Klatovy"]
[Site "?"]
[Date "2007.??.??"]
[Round "?"]
[White "Jakl, A."]
[Black "Pokrupa, M."]
[Result "0-1"]
[WhiteElo "1965"]
[BlackElo "2175"]
[PlyCount "112"]
[EventDate "2007.??.??"]

1. e4 c5 2. Nf3 Nc6 3. d3 g6 4. Nbd2 Bg7 5. g3 e6 6. Bg2 Nge7 7. O-O O-O 8. Re1
d6 9. Nf1 h6 10. c3 e5 11. h3 Be6 12. N1h2 Qd7 13. g4 d5 14. Qe2 Rad8 15. Bf1
b5 16. b3 c4 17. dxc4 bxc4 18. bxc4 dxe4 19. Nd2 f5 20. Nb3 Qc7 21. Ba3 Rfe8
22. Qc2 Bf7 23. Rad1 Bf8 24. c5 Nd5 25. f3 exf3 26. Nxf3 e4 27. Nfd4 Qg3+ 28.
Qg2 Qxg2+ 29. Bxg2 Nxc3 30. Rc1 Nxd4 31. Nxd4 Nxa2 32. Rcd1 Nc3 33. Rd2 Nb5 34.
Nxb5 Rxd2 35. Nd6 Bxd6 36. cxd6 Rd8 37. Bf1 R8xd6 38. Bxd6 Rxd6 39. Ra1 Rd7 40.
gxf5 gxf5 41. Ra5 Bg6 42. Bc4+ Kh7 43. Be6 Rg7 44. Kf2 Re7 45. Bd5 f4 46. h4
Kg7 47. Bc4 Be8 48. Rf5 Rc7 49. Ba6 Rc2+ 50. Ke1 f3 51. Rf4 Bc6 52. Kd1 Rc3 53.
Kd2 Ra3 54. Bc4 e3+ 55. Kc2 e2 56. h5 Be8 0-1

[Event "Klatovy"]
[Site "?"]
[Date "2007.??.??"]
[Round "?"]
[White "Herejk, P."]
[Black "Vevera, R."]
[Result "1-0"]
[WhiteElo "2160"]
[BlackElo "2080"]
[PlyCount "111"]
[EventDate "2007.??.??"]

1. e4 c6 2. d4 d5 3. Nc3 dxe4 4. Nxe4 Nd7 5. Bc4 Ngf6 6. Ng5 e6 7. Qe2 Nb6 8.
Bb3 a5 9. c3 a4 10. Bc2 Bd6 11. N1f3 h6 12. Ne4 Nxe4 13. Qxe4 Qc7 14. O-O Nd5
15. Ne5 Nf6 16. Qe2 c5 17. Qb5+ Kf8 18. Qe2 b6 19. Re1 Bb7 20. Bf4 Rd8 21. Bxa4
g5 22. Bg3 h5 23. Nf3 Ng4 24. dxc5 Bxg3 25. hxg3 Qxc5 26. Rad1 Kg7 27. Rd4 Rxd4
28. cxd4 Qf5 29. Bc2 Qf6 30. Ne5 Rd8 31. Rd1 Ba6 32. Qf3 Qxf3 33. gxf3 Nf6 34.
Ba4 Nd5 35. Rc1 f6 36. Nc6 Rd6 37. a3 Be2 38. Kg2 g4 39. fxg4 hxg4 40. Na7 Bf3+
41. Kg1 Ne7 42. Rc7 Kf8 43. Rxe7 b5 44. Nxb5 Kxe7 45. Nxd6 Kxd6 46. Bb3 Be2 47.
f4 gxf3 48. Kf2 f5 49. Ke3 Ke7 50. a4 Kd6 51. Bc2 Kd5 52. Bb3+ Kd6 53. a5 Kc6
54. Bxe6 Kb5 55. Bxf5 Bd1 56. Be4 1-0

[Event "Klatovy"]
[Site "?"]
[Date "2007.??.??"]
[Round "?"]
[White "Erneker, J."]
[Black "Novotny, J."]
[Result "1-0"]
[WhiteElo "2155"]
[BlackElo "2055"]
[PlyCount "147"]
[EventDate "2007.??.??"]

1. c4 Nf6 2. Nc3 c5 3. g3 Nc6 4. Bg2 g6 5. e3 Bg7 6. Nge2 O-O 7. O-O d6 8. d4
e5 9. d5 Na5 10. b3 e4 11. Bd2 b6 12. Nxe4 Nxe4 13. Bxe4 Bh3 14. Re1 f5 15. Bh1
Bxa1 16. Qxa1 g5 17. f3 Qf6 18. Qxf6 Rxf6 19. Kf2 Re8 20. Ng1 g4 21. Nxh3 gxh3
22. e4 fxe4 23. Bg5 Rff8 24. f4 e3+ 25. Rxe3 Rxe3 26. Kxe3 Re8+ 27. Kf2 a6 28.
Bf3 b5 29. Bh5 Rb8 30. cxb5 axb5 31. Be7 c4 32. Bxd6 cxb3 33. axb3 Rd8 34. Bb4
Nxb3 35. Bg4 Nd4 36. d6 Kf7 37. Bxh3 Nc6 38. Bc5 b4 39. Bg2 Nb8 40. Bd5+ Ke8
41. Bxb4 Nd7 42. Ke3 Rb8 43. Bc3 Rc8 44. Be5 Rc5 45. Kd4 Rc2 46. Be4 Rd2+ 47.
Ke3 Rxh2 48. g4 h6 49. Bg6+ Kd8 50. Ke4 Rg2 51. Kf5 Nf8 52. Bh5 Nd7 53. Ke6 Rd2
54. Kf7 Rf2 55. Kg6 Rf1 56. Kxh6 Nxe5 57. fxe5 Re1 58. g5 Rxe5 59. Bg4 Re4 60.
Bf5 Rh4+ 61. Kg7 Rd4 62. d7 Ke7 63. g6 Rf4 64. Kh6 Rxf5 65. g7 Rf1 66. d8=Q+
Kxd8 67. g8=Q+ Ke7 68. Qg5+ Ke6 69. Qe3+ Kf6 70. Qc3+ Ke7 71. Qc7+ Kf6 72. Qb6+
Ke7 73. Qa7+ Kd8 74. Kg7 1-0